Les joueurs NBA qui ont obtenus un MVP - Statistiques

Statistiques générales
  • Ce quiz a été pris 223 fois
  • Le résultat moyen est 11 sur 24
Answers on the Grid
Answers color-coded by a green-red scale on the quiz's grid according to % correct below.
Anthony Davis
Bill Walton
Bob McAdoo
Chris Paul
Damian Lillard
David Robinson
Derrick Rose
Devin Booker
Dirk Nowitzki
Dwyane Wade
Elgin Baylor
Giánnis Antetokoúnmpo
Isiah Thomas
James Harden
Jerry West
Joel Embiid
John Stockton
Kareem Abdul-Jabbar
Kawhi Leonard
Kevin Durant
Kevin Garnett
Kobe Bryant
LeBron James
Magic Johnson
Michael Jordan
Moses Malone
Nikola Jokić
Patrick Ewing
Paul George
Reggie Miller
Russell Westbrook
Scottie Pipen
Shai Gilgeous-Alexander
Shaquille O'Neal
Stephen Curry
Steve Nash
Tony Parker
Vince Carter
Wes Unseld
Willis Reed
 
Statistiques - réponses
Réponse % Correct
Nikola Jokić
65%
LeBron James
64%
Stephen Curry
62%
Joel Embiid
59%
Kevin Durant
59%
Michael Jordan
59%
Giánnis Antetokoúnmpo
58%
Derrick Rose
53%
Magic Johnson
52%
Shaquille O'Neal
52%
Dirk Nowitzki
51%
Kareem Abdul-Jabbar
51%
Kobe Bryant
51%
Shai Gilgeous-Alexander
50%
Russell Westbrook
49%
James Harden
48%
Steve Nash
44%
Kevin Garnett
40%
David Robinson
35%
Moses Malone
23%
Wes Unseld
19%
Bob McAdoo
18%
Bill Walton
17%
Willis Reed
12%
Aucun quiz correspondant
Distribution des résultats
% des personnes avec chaque résultat
Percentile par nombre de réponses
Votre historique - résultats
Vous n’avez pas pris ce quiz